01272cam a2200313 a 45000010008000000030004000080050017000120080041000290200015000700350022000850350027001070400023001340420014001570430021001710820015001921000020002072450131002272600049003583000035004075040056004426500050004986500051005486500053005996500054006526500067007066500057007736500050008307100078008802606038OSt20230602140915.0970604s1996 sw ab b 000 0 eng d a9171063862 a(NIC)notisAPE8839 a(CStRLIN)NYCXAPE8839-B aTXHcTXHdNICdDLC alccopycat af-sj---af-ua--- a304.2bMAN1 aManger, Leif O.10aSurvival on meagre resources :bHadendowa pastoralism in the Red Sea Hills /cLeif Manger with Hassan Abd el Ati ... [et al.]. aUppsala :bNordiska Afrikainstitutet,c1996. a244 p. :bill., maps ;c24 cm. aIncludes bibliographical references (p. [195]-202). 0aHadendowa (African people)xDomestic animals. 0aHadendowa (African people)xSocial conditions. 0aHadendowa (African people)xEconomic conditions. 0aPastoral systemszRed Sea Hills (Egypt and Sudan) 0aAgriculturexEconomic aspectszRed Sea Hills (Egypt and Sudan) 0aSubsistence economyzRed Sea Hills (Egypt and Sudan) 0aHuman ecologyzRed Sea Hils (Egypt and Sudan)2 aThomas Leiper Kane Collection (Library of Congress. Hebraic Section)5DLC